Statistics for Countries that border Romania!

Click here to take the quiz!

General Stats

  • This quiz has been taken 17 times
  • The average score is 5 of 5

Answer Stats

HintAnswer% Correct
It borders romania*Bulgaria
100%
It borders romania*Hungary
94%
It borders romania*Serbia
94%
It borders romania*Ukraine
94%
It borders romania*Boldova
88%

Score Distribution

Percentile by Number Answered

Percent of People with Each Score

Your Score History

You have not taken this quiz